Úplné znenie zákona o dani z príjmov

Úplné znenie zákona o dani z príjmov č. 595/2003 Z.z. v znení ďalších zákonov a zákona č. 659/2004 Z.z. Daň fyzickej, právnickej osoby. Spoločné ustanovenia. Vyberanie a platenie dane.

Salvato in:
Dettagli Bibliografici
Natura: Capitolo di libro
Lingua:slovacco
Soggetti:
Tags: Aggiungi Tag
Nessun Tag, puoi essere il primo ad aggiungerne!!

MARC

LEADER 00000naa$a2200000$$$4500
001 0025838
005 20231114082941.4
041 0 |a slo 
044 |a SK 
245 1 0 |a Úplné znenie zákona o dani z príjmov 
520 |a Úplné znenie zákona o dani z príjmov č. 595/2003 Z.z. v znení ďalších zákonov a zákona č. 659/2004 Z.z. Daň fyzickej, právnickej osoby. Spoločné ustanovenia. Vyberanie a platenie dane. 
610 2 0 |a dane z príjmov 
610 2 0 |a zákony 
610 2 0 |a Slovensko 
610 2 0 |a 2003-2004